[Event "SWE-chB"]
[Site "Helsingborg"]
[Date "2023.07.04"]
[Round "4"]
[White "Walinder, Lars"]
[Black "Thorn, Eric"]
[Result "0-1"]
[WhiteElo "2310"]
[BlackElo "2379"]
[PlyCount "88"]
[EventDate "2023.07.01"]
[EventType "tourn"]
[EventRounds "9"]
[EventCountry "SWE"]
[EventCategory "4"]
[SourceTitle "CBM 215 Extra"]
[Source "ChessBase"]
[SourceDate "2023.09.30"]
[SourceVersion "1"]
[SourceVersionDate "2023.09.30"]
[SourceQuality "1"]

1. c4 c5 2. Nf3 Nc6 3. d4 cxd4 4. Nxd4 Nf6 5. Nc3 e6 6. a3 Bc5 7. Nb3 Bb6 8. c5 Bc7 9. e4 0-0 10. Be2 b6 11. cxb6 Bxb6 12. Bg5 h6 13. Bh4 Ne5 14. 0-0 Ng6 15. Bg3 e5 16. Qd2 Bb7 17. Bf3 Qe7 18. Rfd1 Rfd8 19. Qe2 d6 20. Rd2 Qe6 21. Qd1 Rab8 22. a4 a6 23. Ra3 Ba8 24. h3 Ba7 25. Bg4 Nxg4 26. Qxg4 Qxg4 27. hxg4 Rb4 28. Kf1 Bxe4 29. Nxe4 Rxe4 30. f3 Rc4 31. Ra1 Rb8 32. Na5 Rc7 33. Rxd6 Rxb2 34. Rxa6 Bb6 35. Rd1 Rcc2 36. Nb7 Bd4 37. Nd6 Rxg2 38. Rxd4 exd4 39. Ne4 Rgc2 40. Ra8+ Kh7 41. Re8 d3 42. Be1 Rh2 43. Kg1 Rbg2+ 44. Kf1 Nf4 0-1

[Event "SWE-chB"]
[Site "Helsingborg"]
[Date "2023.07.02"]
[Round "2"]
[White "Walinder, Lars"]
[Black "Lind, Jan Olov"]
[Result "1/2-1/2"]
[WhiteElo "2310"]
[BlackElo "2191"]
[PlyCount "109"]
[EventDate "2023.07.01"]
[EventType "tourn"]
[EventRounds "9"]
[EventCountry "SWE"]
[EventCategory "4"]
[SourceTitle "CBM 215 Extra"]
[Source "ChessBase"]
[SourceDate "2023.09.30"]
[SourceVersion "1"]
[SourceVersionDate "2023.09.30"]
[SourceQuality "1"]

1. c4 c5 2. Nf3 Nc6 3. d4 cxd4 4. Nxd4 g6 5. e4 Bg7 6. Be3 Nf6 7. Nc3 0-0 8. Be2 d6 9. 0-0 Bd7 10. Qd2 Nxd4 11. Bxd4 Bc6 12. f3 a5 13. b3 Nd7 14. Be3 Nc5 15. Rab1 e6 16. Bd1 f5 17. exf5 gxf5 18. Bc2 f4 19. Bf2 Be5 20. Rbd1 Qe7 21. Bd4 Bxd4+ 22. Qxd4 Rad8 23. Rfe1 e5 24. Qd2 Qg7 25. Be4 Kh8 26. Bd5 Bxd5 27. Qxd5 Rg8 28. Re2 Qg6 29. Ne4 Nxe4 30. Qxe4 Qg7 31. Rd5 Qc7 32. Red2 b6 33. Qd3 Qg7 34. Rxd6 e4 35. Qd4 Qxd4+ 36. R6xd4 Rxd4 37. Rxd4 exf3 38. Rd2 fxg2 39. Rxg2 Rd8 40. Kf2 a4 41. Kf3 axb3 42. axb3 Rd3+ 43. Kxf4 Rxb3 44. Ke4 Rh3 45. Kd4 Rh5 46. Rb2 Rh6 47. Rg2 Rh5 48. Re2 Rh6 49. Kd5 Kg7 50. Re6 Rh5+ 51. Kd4 Rh4+ 52. Kc3 Rh3+ 53. Kd4 Rh4+ 54. Kd5 Rh5+ 55. Kd4 1/2-1/2

[Event "Malmo op"]
[Site "Malmo"]
[Date "2021.12.19"]
[Round "7"]
[White "Olsen, Filip Boe"]
[Black "Walinder, Lars"]
[Result "1-0"]
[WhiteElo "2381"]
[BlackElo "2259"]
[PlyCount "105"]
[EventDate "2021.12.17"]
[EventType "swiss"]
[EventRounds "8"]
[EventCountry "SWE"]
[SourceTitle "CBM 205 Extra"]
[Source "ChessBase"]
[SourceDate "2022.01.31"]
[SourceVersion "1"]
[SourceVersionDate "2022.01.31"]
[SourceQuality "1"]

1. d4 Nf6 2. c4 e6 3. Nf3 d5 4. g3 Bb4+ 5. Bd2 Bd6 6. Bg2 c6 7. 0-0 Nbd7 8. Nc3 0-0 9. b3 Re8 10. Qc2 dxc4 11. bxc4 e5 12. e3 h6 13. Rad1 Bf8 14. Nxe5 Nxe5 15. dxe5 Rxe5 16. Ne4 Nd7 17. Bc3 Re8 18. Nd6 Bxd6 19. Rxd6 Qe7 20. Rd4 Nc5 21. h4 a5 22. Rb1 Be6 23. Qd1 Bf5 24. Rb2 Be4 25. f3 Bg6 26. e4 f5 27. Rd6 Bf7 28. Qd4 Ne6 29. Qe5 Rad8 30. c5 fxe4 31. fxe4 Qf6 32. Qxf6 gxf6 33. Bxf6 Rb8 34. Rc2 Bg6 35. Rc4 Kf7 36. e5 Bb1 37. Rd7+ Kf8 38. a3 Ba2 39. Rc3 Bd5 40. Bxd5 cxd5 41. Rxd5 Rec8 42. g4 b5 43. Rd6 b4 44. axb4 axb4 45. Rc1 Rxc5 46. Rf1 b3 47. Rxe6 Rc4 48. Bg5+ Kg8 49. Rg6+ Kh7 50. Rxh6+ Kg7 51. e6 b2 52. Rf7+ Kg8 53. Rg6+ 1-0

[Event "Malmo op"]
[Site "Malmo"]
[Date "2021.12.17"]
[Round "3"]
[White "Sivuk, Vitaly"]
[Black "Walinder, Lars"]
[Result "1-0"]
[WhiteElo "2514"]
[BlackElo "2259"]
[PlyCount "61"]
[EventDate "2021.12.17"]
[EventType "swiss"]
[EventRounds "8"]
[EventCountry "SWE"]
[SourceTitle "CBM 205 Extra"]
[Source "ChessBase"]
[SourceDate "2022.01.31"]
[SourceVersion "1"]
[SourceVersionDate "2022.01.31"]
[SourceQuality "1"]

1. d4 d5 2. c4 e6 3. Nf3 Nf6 4. g3 Bb4+ 5. Nbd2 dxc4 6. Bg2 0-0 7. Qc2 a5 8. a3 Bxd2+ 9. Bxd2 b6 10. Qxc4 Ra7 11. Bg5 h6 12. Bxf6 Qxf6 13. 0-0 Ba6 14. Qc2 Rc8 15. b4 Bb7 16. b5 a4 17. Ne5 Bxg2 18. Kxg2 Qd8 19. Qe4 Qd5 20. Qxd5 exd5 21. Rfc1 f6 22. Nd3 Ra5 23. Rab1 g5 24. Rb4 Kf7 25. e3 Ke7 26. Nb2 Kd6 27. Nxa4 Nd7 28. Rc6+ Ke7 29. Nc3 Rxa3 30. Nxd5+ Kd8 31. Nxf6 1-0

[Event "Vaxjo op"]
[Site "Vaxjo"]
[Date "2020.02.09"]
[Round "8"]
[White "Walinder, Lars"]
[Black "Frisk, Ellinor"]
[Result "1/2-1/2"]
[WhiteElo "2280"]
[BlackElo "2147"]
[PlyCount "130"]
[EventDate "2020.02.07"]
[EventType "swiss"]
[EventRounds "8"]
[EventCountry "SWE"]
[SourceTitle "CBM 194 Extra"]
[Source "ChessBase"]
[SourceDate "2020.03.31"]
[SourceVersion "1"]
[SourceVersionDate "2020.03.31"]
[SourceQuality "1"]

1. c4 c5 2. Nf3 Nc6 3. d4 cxd4 4. Nxd4 g6 5. e4 Nf6 6. Nc3 Nxd4 7. Qxd4 d6 8. Be3 Bg7 9. f3 0-0 10. Qd2 Be6 11. Rc1 a6 12. Be2 Qa5 13. Nd5 Qxd2+ 14. Kxd2 Bxd5 15. cxd5 Rac8 16. b4 Nd7 17. a4 Bb2 18. Rxc8 Rxc8 19. Rb1 Bg7 20. a5 h5 21. Rb3 Rc7 22. Rb1 Kf8 23. h3 Bf6 24. g4 hxg4 25. hxg4 Ke8 26. Rb3 Kd8 27. g5 Bg7 28. f4 e6 29. Bf2 exd5 30. exd5 Ke7 31. Re3+ Kf8 32. Rb3 Ke7 33. Bb6 Nxb6 34. axb6 Rc8 35. Re3+ Kd8 36. Re4 Bc3+ 37. Ke3 Bb2 38. Bd1 Rc1 39. Kd2 Ra1 40. Rc4 a5 41. b5 Ba3 42. Rc7 Rb1 43. Be2 Rb2+ 44. Kd1 Rb1+ 45. Kc2 Rb2+ 46. Kd1 Rb1+ 47. Kd2 Rb2+ 48. Ke1 Rb1+ 49. Kf2 Bc5+ 50. Kf3 Rb3+ 51. Kg4 Bxb6 52. Rxb7 Bf2 53. f5 gxf5+ 54. Kxf5 a4 55. Rxf7 a3 56. Rf8+ Kc7 57. Ra8 Bd4 58. g6 Kb7 59. Ra6 Be5 60. Ra4 Kb6 61. Bc4 Rg3 62. Ra6+ Kb7 63. Ra4 Kb6 64. Ra6+ Kb7 65. Ra4 Kb6 1/2-1/2

[Event "Vaxjo op"]
[Site "Vaxjo"]
[Date "2020.02.08"]
[Round "5"]
[White "Karlsson, Jorgen"]
[Black "Walinder, Lars"]
[Result "0-1"]
[WhiteElo "2044"]
[BlackElo "2280"]
[PlyCount "94"]
[EventDate "2020.02.07"]
[EventType "swiss"]
[EventRounds "8"]
[EventCountry "SWE"]
[SourceTitle "CBM 194 Extra"]
[Source "ChessBase"]
[SourceDate "2020.03.31"]
[SourceVersion "1"]
[SourceVersionDate "2020.03.31"]
[SourceQuality "1"]

1. d4 d5 2. Nc3 Nf6 3. Bg5 Nbd7 4. Nf3 h6 5. Bh4 e6 6. e3 Be7 7. Bd3 c5 8. a3 a6 9. 0-0 0-0 10. Re1 b5 11. e4 b4 12. axb4 cxb4 13. e5 bxc3 14. exf6 Bxf6 15. Bxf6 Nxf6 16. bxc3 Qc7 17. Ra3 a5 18. Qe2 Bd7 19. Ne5 Rfd8 20. g4 Be8 21. f4 Nd7 22. g5 Nxe5 23. Qxe5 Qxe5 24. Rxe5 hxg5 25. fxg5 g6 26. h4 Kg7 27. Be2 a4 28. Kf2 Rab8 29. Ke3 Rb1 30. h5 gxh5 31. Bxh5 Bd7 32. Be2 Rh8 33. Bd3 Rh4 34. Kf2 Rg4 35. Be2 Rh4 36. Bd3 Rh2+ 37. Kg3 Rhh1 38. c4 Rbg1+ 39. Kf2 dxc4 40. Bxc4 Rc1 41. Bd3 Bc6 42. g6 Rh2+ 43. Kg3 Rg2+ 44. Kf4 Rh1 45. gxf7 Rh4+ 46. Ke3 Rh3+ 47. Kf4 Rf3# 0-1

[Event "Vaxjo op"]
[Site "Vaxjo"]
[Date "2020.02.08"]
[Round "6"]
[White "Walinder, Lars"]
[Black "Seo, Jung Hyun"]
[Result "1-0"]
[WhiteElo "2280"]
[BlackElo "1816"]
[PlyCount "45"]
[EventDate "2020.02.07"]
[EventType "swiss"]
[EventRounds "8"]
[EventCountry "SWE"]
[SourceTitle "CBM 194 Extra"]
[Source "ChessBase"]
[SourceDate "2020.03.31"]
[SourceVersion "1"]
[SourceVersionDate "2020.03.31"]
[SourceQuality "1"]

1. c4 Nf6 2. Nc3 e6 3. Nf3 Be7 4. e4 d6 5. d4 c5 6. Be2 cxd4 7. Nxd4 a6 8. 0-0 Nbd7 9. Be3 Qc7 10. Qd2 b6 11. Rfc1 Bb7 12. f3 Rc8 13. a4 Ne5 14. a5 bxa5 15. Nb3 Nxc4 16. Bxc4 Qxc4 17. Nxa5 Qc7 18. Nd5 Qb8 19. Rxc8+ Qxc8 20. Rc1 Qb8 21. Nc7+ Kd7 22. Qb4 Rc8 23. Qa4+ 1-0

[Event "SWE-chT 1920 Superettan"]
[Site "Sweden"]
[Date "2020.02.01"]
[Round "5"]
[White "Walinder, Lars"]
[Black "Berovski, Krum"]
[Result "0-1"]
[WhiteElo "2293"]
[BlackElo "2349"]
[PlyCount "60"]
[EventDate "2019.10.18"]
[EventType "team-tourn"]
[EventRounds "9"]
[EventCountry "SWE"]
[SourceTitle "EXT 2023"]
[Source "ChessBase"]
[SourceDate "2022.10.05"]
[SourceVersion "1"]
[SourceVersionDate "2022.10.05"]
[SourceQuality "1"]
[WhiteTeam "Kristallen"]
[BlackTeam "Stockholm Rockaden II"]
[WhiteTeamCountry "SWE"]
[BlackTeamCountry "SWE"]

1. c4 Nf6 2. Nc3 e6 3. Nf3 d5 4. e3 Be7 5. b3 0-0 6. Bb2 b6 7. cxd5 exd5 8. d4 Bb7 9. Ne5 Nbd7 10. f4 c5 11. Bd3 cxd4 12. exd4 Ne4 13. 0-0 Ndf6 14. Qe2 Nxc3 15. Bxc3 Ne4 16. Bb2 f6 17. Ng4 Rc8 18. Rac1 Rxc1 19. Bxc1 Bd6 20. Qf3 Qc7 21. Bb2 f5 22. Ne5 Bxe5 23. dxe5 Qc5+ 24. Kh1 Nd2 25. Qh3 Nxf1 26. Bxf5 h6 27. Bd3 Bc8 28. e6 Qe7 29. f5 Nd2 30. Qg3 Ne4 0-1

[Event "SWE-chT 1819 Superettan"]
[Site "Sweden"]
[Date "2019.03.31"]
[Round "9"]
[White "Kenneskog, Theodor"]
[Black "Walinder, Lars"]
[Result "1/2-1/2"]
[WhiteElo "2330"]
[BlackElo "2258"]
[PlyCount "79"]
[EventDate "2018.11.09"]
[EventType "team-tourn"]
[EventRounds "9"]
[EventCountry "SWE"]
[SourceTitle "EXT 2020"]
[Source "ChessBase"]
[SourceDate "2019.10.17"]
[SourceVersion "1"]
[SourceVersionDate "2019.10.17"]
[SourceQuality "1"]
[WhiteTeam "Stockholm Rockaden II"]
[BlackTeam "Kristallen"]
[WhiteTeamCountry "SWE"]
[BlackTeamCountry "SWE"]

1. d4 d5 2. c4 e6 3. Nc3 Nf6 4. cxd5 exd5 5. Bg5 c6 6. Qc2 Be7 7. e3 Nbd7 8. Bd3 h6 9. Bh4 Nh5 10. Bxe7 Qxe7 11. 0-0-0 Nb6 12. Kb1 Be6 13. Nf3 0-0-0 14. Nd2 g6 15. Na4 Nxa4 16. Qxa4 Kb8 17. Nb3 Ng7 18. Rc1 Bf5 19. Rhd1 Rc8 20. Rc3 Rc7 21. Nc5 Ne6 22. Ra3 a6 23. Nxa6+ bxa6 24. Qxa6 Ra7 25. Rb3+ Rb7 26. Qxc6 Rxb3 27. axb3 Bxd3+ 28. Rxd3 Rd8 29. Rc3 Qb7 30. Qa4 Rc8 31. h4 h5 32. g3 Rc7 33. Qe8+ Ka7 34. Qa4+ Qa6 35. Rxc7+ Nxc7 36. Qd7 Qf1+ 37. Ka2 Qa6+ 38. Kb1 Qf1+ 39. Ka2 Qa6+ 40. Kb1 1/2-1/2

[Event "SWE-chT 1819 Superettan"]
[Site "Sweden"]
[Date "2019.03.30"]
[Round "8"]
[White "Welin, Mats Erik Thomas"]
[Black "Walinder, Lars"]
[Result "0-1"]
[WhiteElo "2328"]
[BlackElo "2258"]
[PlyCount "58"]
[EventDate "2018.11.09"]
[EventType "team-tourn"]
[EventRounds "9"]
[EventCountry "SWE"]
[SourceTitle "EXT 2020"]
[Source "ChessBase"]
[SourceDate "2019.10.17"]
[SourceVersion "1"]
[SourceVersionDate "2019.10.17"]
[SourceQuality "1"]
[WhiteTeam "Manhem"]
[BlackTeam "Kristallen"]
[WhiteTeamCountry "SWE"]
[BlackTeamCountry "SWE"]

1. e4 e6 2. d4 d5 3. Nc3 Nf6 4. e5 Nfd7 5. f4 c5 6. Nf3 Nc6 7. Be3 Be7 8. Qd2 0-0 9. dxc5 Nxc5 10. 0-0-0 Qc7 11. Qf2 b6 12. Nd4 Bb7 13. Nxc6 Bxc6 14. Bd4 f5 15. exf6 Bxf6 16. Qe3 Rae8 17. Bb5 Qd7 18. Bxc6 Qxc6 19. Rhe1 Bxd4 20. Qxd4 Rc8 21. g3 Rf7 22. Rd2 b5 23. Re5 a5 24. f5 b4 25. fxe6 Nxe6 26. Rxe6 Qxe6 27. Nxd5 Rf1+ 28. Rd1 Rxd1+ 29. Qxd1 Rd8 0-1

[Event "Lidkoping op"]
[Site "Lidkoping"]
[Date "2018.08.26"]
[Round "6"]
[White "Bellon Lopez, Juan Manuel"]
[Black "Walinder, Lars"]
[Result "1/2-1/2"]
[WhiteElo "2342"]
[BlackElo "2236"]
[PlyCount "104"]
[EventDate "2018.08.25"]
[EventType "swiss"]
[EventRounds "7"]
[EventCountry "SWE"]
[SourceTitle "CBM 186 Extra"]
[Source "ChessBase"]
[SourceDate "2018.08.24"]
[SourceVersion "1"]
[SourceVersionDate "2018.08.24"]
[SourceQuality "1"]

1. d4 d5 2. Bf4 c5 3. e3 Nc6 4. c3 Nf6 5. Nf3 Qb6 6. Qb3 c4 7. Qc2 Bf5 8. Qc1 e6 9. Nh4 Bg6 10. Nxg6 hxg6 11. Be2 Be7 12. h3 0-0 13. Nd2 Rfc8 14. 0-0 Qd8 15. b3 b5 16. a4 a6 17. b4 Bd6 18. Bxd6 Qxd6 19. f4 Ne4 20. Bf3 Nxd2 21. Qxd2 Ne7 22. Rfb1 f5 23. Qb2 Nc6 24. Ra2 Qc7 25. Rba1 Qb7 26. Bd1 Rab8 27. axb5 axb5 28. Ra6 Qe7 29. Qf2 Kh7 30. h4 Rb7 31. Qg3 Rcc7 32. h5 gxh5 33. Bxh5 Qf6 34. Ra8 Ne7 35. R1a6 g6 36. Be2 Rc8 37. Kf2 Kg7 38. Bf3 Qf8 39. Rxc8 Qxc8 40. Qh4 Rc7 41. Rb6 Ng8 42. Rxb5 Ra7 43. Ra5 Rxa5 44. bxa5 Qa8 45. Qh1 Qxa5 46. Qc1 Qa2+ 47. Kg3 Nf6 48. Qe1 Qb2 49. Kh3 Nd7 50. Qh4 Nf6 51. Qe1 Nd7 52. Kh2 Nf6 1/2-1/2

[Event "Vaxjo op"]
[Site "Vaxjo"]
[Date "2018.02.11"]
[Round "8"]
[White "Walinder, Lars"]
[Black "Cramling Bellon, Anna"]
[Result "0-1"]
[WhiteElo "2205"]
[BlackElo "2043"]
[PlyCount "98"]
[EventDate "2018.02.09"]
[EventType "swiss"]
[EventRounds "8"]
[EventCountry "SWE"]
[SourceTitle "CBM 182 Extra"]
[Source "ChessBase"]
[SourceDate "2018.02.23"]
[SourceVersion "1"]
[SourceVersionDate "2018.02.23"]
[SourceQuality "1"]

1. c4 c5 2. Nf3 Nc6 3. d4 cxd4 4. Nxd4 d6 5. Nc3 Nf6 6. e4 g6 7. Be2 Bg7 8. Be3 Bd7 9. 0-0 0-0 10. Qd2 Nxd4 11. Bxd4 Bc6 12. f3 Nd7 13. Be3 a5 14. b3 Be5 15. Rac1 Nc5 16. Bh6 Re8 17. Kh1 e6 18. f4 Bxc3 19. Qxc3 e5 20. fxe5 dxe5 21. Qf3 Qe7 22. Bd3 f5 23. Bb1 Bxe4 24. Bxe4 Nxe4 25. g4 Nd6 26. Rcd1 f4 27. Bg5 Qe6 28. Bh4 Nf7 29. g5 Qc6 30. Rd5 a4 31. Kg1 axb3 32. axb3 Ra3 33. Rb1 Nd6 34. Qc3 Nf5 35. Bf2 e4 36. Bc5 Ra2 37. b4 Nh4 38. Qh3 Nf3+ 39. Kf1 Nxh2+ 40. Ke1 Nf3+ 41. Kf1 Rh2 42. Qg4 Rh1+ 43. Kf2 Rxb1 44. Qxf4 Rb2+ 45. Kg3 Ne1 46. Re5 Rg2+ 47. Kh4 Nf3+ 48. Kh3 Nxe5 49. Kxg2 Nd3 0-1

[Event "Malmo op"]
[Site "Malmo"]
[Date "2017.12.16"]
[Round "6"]
[White "Lundstedt, Peter"]
[Black "Walinder, Lars"]
[Result "1/2-1/2"]
[WhiteElo "2109"]
[BlackElo "2191"]
[PlyCount "39"]
[EventDate "2017.12.15"]
[EventType "swiss"]
[EventRounds "8"]
[EventCountry "SWE"]
[SourceTitle "CBM 182 Extra"]
[Source "ChessBase"]
[SourceDate "2018.02.23"]
[SourceVersion "1"]
[SourceVersionDate "2018.02.23"]
[SourceQuality "1"]

1. Nf3 d5 2. d4 Nf6 3. c4 e6 4. Nc3 Be7 5. Bf4 0-0 6. e3 b6 7. Be2 dxc4 8. Bxc4 Ba6 9. Bxa6 Nxa6 10. Qe2 Qc8 11. Rc1 Qb7 12. 0-0 c5 13. dxc5 bxc5 14. Rfd1 Rfd8 15. Ne5 Rxd1+ 16. Rxd1 Rd8 17. Rxd8+ Bxd8 18. Nb5 Be7 19. a4 Nb4 20. Nc4 1/2-1/2

[Event "Malmo op"]
[Site "Malmo"]
[Date "2017.12.16"]
[Round "4"]
[White "Tikkanen, Hans"]
[Black "Walinder, Lars"]
[Result "1-0"]
[WhiteElo "2515"]
[BlackElo "2191"]
[PlyCount "41"]
[EventDate "2017.12.15"]
[EventType "swiss"]
[EventRounds "8"]
[EventCountry "SWE"]
[SourceTitle "CBM 182 Extra"]
[Source "ChessBase"]
[SourceDate "2018.02.23"]
[SourceVersion "1"]
[SourceVersionDate "2018.02.23"]
[SourceQuality "1"]

1. d4 d5 2. Nf3 Nf6 3. e3 e6 4. Bd3 c5 5. b3 Nc6 6. Bb2 Be7 7. 0-0 0-0 8. Nbd2 b6 9. a3 Bb7 10. Qe2 Rc8 11. dxc5 Bxc5 12. c4 a5 13. Rfd1 Qe7 14. cxd5 exd5 15. Nf1 Ne4 16. Ng3 f5 17. Nh5 g5 18. Bxe4 dxe4 19. Qc4+ Rf7 20. Nf6+ Kf8 21. Nxg5 1-0

[Event "Lidkoping op"]
[Site "Lidkoping"]
[Date "2017.09.02"]
[Round "4"]
[White "Danielsson, Fredrik"]
[Black "Walinder, Lars"]
[Result "0-1"]
[WhiteElo "2153"]
[BlackElo "2202"]
[PlyCount "68"]
[EventDate "2017.09.02"]
[EventType "swiss"]
[EventRounds "7"]
[EventCountry "SWE"]
[SourceTitle "CBM 180 Extra"]
[Source "ChessBase"]
[SourceDate "2017.10.06"]
[SourceVersion "1"]
[SourceVersionDate "2017.10.06"]
[SourceQuality "1"]

1. e4 c5 2. Nf3 d6 3. d4 cxd4 4. Nxd4 Nf6 5. Nc3 a6 6. Be3 e5 7. Nb3 Be7 8. f3 Be6 9. Qd2 0-0 10. 0-0-0 a5 11. Bb5 Na6 12. Qe2 Nc7 13. Bb6 Qb8 14. a4 Rc8 15. Kb1 Nxb5 16. Nxb5 Bc4 17. Qf2 Bxb5 18. axb5 a4 19. Nc1 Rc4 20. Na2 Qe8 21. Rd3 Qxb5 22. Nc3 Qc6 23. g4 h6 24. h4 a3 25. g5 axb2 26. gxf6 Rxc3 27. fxe7 Qa4 28. e8Q+ Rxe8 29. Kxb2 Qa3+ 30. Kb1 Ra8 31. Ba7 Rxd3 32. cxd3 Rxa7 33. Qb2 Qxd3+ 34. Kc1 Ra5 0-1

[Event "Lidkoping op"]
[Site "Lidkoping"]
[Date "2017.09.02"]
[Round "3"]
[White "Walinder, Lars"]
[Black "Bellon Lopez, Juan Manuel"]
[Result "1-0"]
[WhiteElo "2202"]
[BlackElo "2313"]
[PlyCount "91"]
[EventDate "2017.09.02"]
[EventType "swiss"]
[EventRounds "7"]
[EventCountry "SWE"]
[SourceTitle "CBM 180 Extra"]
[Source "ChessBase"]
[SourceDate "2017.10.06"]
[SourceVersion "1"]
[SourceVersionDate "2017.10.06"]
[SourceQuality "1"]

1. c4 c5 2. Nf3 Nc6 3. d4 cxd4 4. Nxd4 f5 5. Nc3 g6 6. e3 Bg7 7. Be2 Nf6 8. 0-0 0-0 9. b3 d6 10. Bb2 Bd7 11. Rc1 Rc8 12. Qd2 Ng4 13. Nd5 Be5 14. Bxg4 Bxd4 15. exd4 fxg4 16. Rce1 Rf7 17. Ne3 Qa5 18. Qxa5 Nxa5 19. Nd5 Nc6 20. Re2 e6 21. Ne3 Rf4 22. d5 Nd4 23. Bxd4 Rxd4 24. Nc2 Rf4 25. dxe6 Bc6 26. Rd1 Re4 27. Rxe4 Bxe4 28. Ne3 Rc6 29. Nxg4 Bf5 30. Nh6+ Kf8 31. Nxf5 gxf5 32. Rd5 Ke7 33. Rxf5 Kxe6 34. Ra5 a6 35. Kf1 b5 36. cxb5 Rc1+ 37. Ke2 axb5 38. Rxb5 Rc2+ 39. Ke3 Rxa2 40. Rb7 Rb2 41. g4 h6 42. h4 Kd5 43. g5 hxg5 44. hxg5 Rb1 45. f4 Rg1 46. Kf2 1-0

[Event "Lidkoping op"]
[Site "Lidkoping"]
[Date "2015.08.30"]
[Round "6"]
[White "Mareco, Sandro"]
[Black "Walinder, Lars"]
[Result "1-0"]
[WhiteElo "2605"]
[BlackElo "2170"]
[PlyCount "83"]
[EventDate "2015.08.29"]
[EventType "swiss"]
[EventRounds "7"]
[EventCountry "SWE"]
[SourceTitle "EXT 2016"]
[Source "ChessBase"]
[SourceDate "2015.10.08"]
[SourceVersion "1"]
[SourceVersionDate "2015.10.08"]
[SourceQuality "1"]

1. d4 f5 2. c4 Nf6 3. g3 g6 4. Nf3 Bg7 5. Bg2 0-0 6. 0-0 d6 7. Nc3 Qe8 8. Re1 Qf7 9. e4 fxe4 10. Nxe4 Nc6 11. Neg5 Qxc4 12. b3 Qb4 13. d5 Ne5 14. Nxe5 dxe5 15. Bd2 Qd6 16. Be3 Ng4 17. Rc1 Nxe3 18. Rxe3 Bd7 19. Qe2 Rac8 20. Rec3 a6 21. a4 Qb6 22. Ne4 Bh6 23. Rd1 Bf5 24. Nc5 Rcd8 25. Be4 Bc8 26. h4 c6 27. dxc6 Rxd1+ 28. Qxd1 bxc6 29. h5 Qb4 30. Rc4 Qa3 31. hxg6 hxg6 32. Bxg6 Qb2 33. Bc2 e4 34. Nxe4 Qe5 35. Rxc6 Be6 36. b4 Kh8 37. Rc5 Qb2 38. Qe1 Bf5 39. Qc3+ Qxc3 40. Rxc3 Rb8 41. Rc4 Be6 42. Rc6 1-0

[Event "Norrkoeping Easter op"]
[Site "Norrkoeping"]
[Date "2015.04.06"]
[Round "8"]
[White "Walinder, Lars"]
[Black "Bellon Lopez, Juan Manuel"]
[Result "0-1"]
[WhiteElo "2175"]
[BlackElo "2357"]
[PlyCount "76"]
[EventDate "2015.04.03"]
[EventType "swiss"]
[EventRounds "8"]
[EventCountry "SWE"]
[SourceTitle "CBM 165 Extra"]
[Source "ChessBase"]
[SourceDate "2015.04.21"]
[SourceVersion "1"]
[SourceVersionDate "2015.04.21"]
[SourceQuality "1"]

1. d4 c5 2. d5 Nf6 3. c4 e5 4. Nc3 d6 5. e4 Be7 6. Bd3 0-0 7. Nf3 Bg4 8. h3 Bxf3 9. Qxf3 Ne8 10. h4 a6 11. g3 Nd7 12. a4 Kh8 13. a5 Rb8 14. 0-0 b6 15. axb6 Rxb6 16. Bc2 g6 17. Bh6 Ng7 18. b3 Nf6 19. Ra3 Ng8 20. Bxg7+ Kxg7 21. Rfa1 Qc8 22. Nd1 Nh6 23. Ne3 Kh8 24. Rf1 Rb8 25. Kh2 Ra8 26. Qe2 Qd8 27. Ng2 f5 28. exf5 gxf5 29. Qh5 Rf6 30. Ne3 Qf8 31. f4 e4 32. Rfa1 Qg7 33. Rxa6 Rg8 34. Rg1 Rg6 35. Nf1 Ng4+ 36. Kh1 Rh6 37. Qxf5 Rxh4+ 38. Kg2 Ne3+ 0-1

[Event "Norrkoeping Easter op"]
[Site "Norrkoeping"]
[Date "2015.04.05"]
[Round "6"]
[White "Walinder, Lars"]
[Black "Arman, Deniz"]
[Result "0-1"]
[WhiteElo "2175"]
[BlackElo "2313"]
[PlyCount "126"]
[EventDate "2015.04.03"]
[EventType "swiss"]
[EventRounds "8"]
[EventCountry "SWE"]
[SourceTitle "CBM 165 Extra"]
[Source "ChessBase"]
[SourceDate "2015.04.21"]
[SourceVersion "1"]
[SourceVersionDate "2015.04.21"]
[SourceQuality "1"]

1. d4 Nf6 2. c4 g6 3. Nc3 d5 4. cxd5 Nxd5 5. e4 Nxc3 6. bxc3 Bg7 7. Bg5 c5 8. Rc1 Qa5 9. Qd2 h6 10. Be3 cxd4 11. cxd4 Qxd2+ 12. Kxd2 0-0 13. Bb5 Rd8 14. Nf3 Nc6 15. Ke2 Nxd4+ 16. Nxd4 Bxd4 17. Bxh6 Be6 18. Bc4 Bb2 19. Rc2 Rac8 20. Rxb2 Rxc4 21. f3 b6 22. Rc1 Rdc8 23. Kd1 Rd4+ 24. Bd2 Rcd8 25. Rc7 Ra4 26. Rcc2 Rd7 27. Kc1 f6 28. Kb1 Bc4 29. Kc1 b5 30. Rb4 Ra3 31. Rbb2 a5 32. Rc3 Rxc3+ 33. Bxc3 b4 34. Be1 Rd3 35. Rd2 Rxd2 36. Bxd2 Bxa2 37. Be3 Bc4 38. Bb6 a4 39. Bc5 b3 40. Bxe7 Kf7 41. Ba3 Bf1 42. g3 Bg2 43. f4 Bxe4 44. Kd2 Ke6 45. Ke3 Kd5 46. g4 Bc2 47. h4 Kc4 48. Kd2 f5 49. g5 Be4 50. Kd1 Kc3 51. Kc1 Bd3 52. Bb2+ Kb4 53. Be5 a3 54. Bd6+ Ka4 55. Be5 b2+ 56. Bxb2 axb2+ 57. Kxb2 Be2 58. Kc3 Kb5 59. Kd4 Bh5 60. Kd5 Kb4 61. Kd4 Kb3 62. Kd3 Kb2 63. Kd2 Kb1 0-1

[Event "SWE-chT2 1213"]
[Site "Sweden"]
[Date "2013.03.15"]
[Round "7"]
[White "Walinder, Lars"]
[Black "Akbarinia, Sayed Arash"]
[Result "1/2-1/2"]
[WhiteElo "2137"]
[BlackElo "2347"]
[PlyCount "135"]
[EventDate "2012.10.20"]
[EventType "team-tourn"]
[EventRounds "9"]
[EventCountry "SWE"]
[SourceTitle "EXT 2015"]
[Source "ChessBase"]
[SourceDate "2014.11.20"]
[SourceVersion "1"]
[SourceVersionDate "2014.11.20"]
[SourceQuality "1"]
[WhiteTeam "Sollentuna"]
[BlackTeam "Kamraterna"]
[WhiteTeamCountry "SWE"]
[BlackTeamCountry "SWE"]

1. c4 e6 2. g3 d5 3. Nf3 Nf6 4. Bg2 Be7 5. 0-0 0-0 6. b3 a5 7. Bb2 a4 8. d4 Ne4 9. c5 axb3 10. axb3 Rxa1 11. Bxa1 b6 12. cxb6 cxb6 13. Nc3 Nxc3 14. Bxc3 Ba6 15. Qd2 Nc6 16. Ra1 Bb5 17. Ne1 h6 18. Nd3 Qc7 19. h4 Rc8 20. Nf4 Bd6 21. Nd3 Qe7 22. e3 Qc7 23. Kh2 Ne7 24. Bb4 Bxd3 25. Bxd6 Qxd6 26. Qxd3 Nf5 27. Kg1 Qb4 28. Bxd5 Rc3 29. Qe4 Qf8 30. Ra8 Rc8 31. Rxc8 Qxc8 32. Bc6 Ne7 33. Bb5 Nd5 34. Bc4 Nf6 35. Qf4 Qd8 36. Qf3 g5 37. hxg5 hxg5 38. Qc6 Kg7 39. Qb5 Nd7 40. Qc6 Nf6 41. Qb5 Nd7 42. e4 Nf8 43. d5 exd5 44. Qxd5 Qf6 45. e5 Qe7 46. Qd4 Qc7 47. e6+ f6 48. Qe4 Qe7 49. b4 Ng6 50. Bb3 Ne5 51. f4 gxf4 52. gxf4 Ng6 53. Bc4 Nf8 54. Qg2+ Kh8 55. Qh2+ Kg7 56. Qg2+ Kh8 57. Qh3+ Kg7 58. Qg4+ Kh8 59. Qh3+ Kg7 60. Qg3+ Kh8 61. Qh4+ Kg7 62. Qg4+ Kh8 63. f5 Nh7 64. Qg6 Qxb4 65. Qe8+ Kg7 66. Qf7+ Kh8 67. Qe8+ Kg7 68. Qg6+ 1/2-1/2